Μεθοδολογίες βιοκλιματικού παραθύρου και αναγνώριση των προτύπων κατανομής των δασικών ειδών του Ελλαδικού χώρου, υπό σενάρια σταθερού και μεταβαλλόμενου κλίματος : μεταπτυχιακή διατριβή
Αποθηκεύτηκε σε:
| Κύριος συγγραφέας: | |
|---|---|
| Συγγραφή απο Οργανισμό/Αρχή: | |
| Άλλοι συγγραφείς: | |
| Μορφή: | Thesis Βιβλίο |
| Γλώσσα: | Greek |
| Δημοσίευση: |
2007
|
| Θέματα: | |
| Διαθέσιμο Online: | http://hdl.handle.net/11610/15133 |
| Ετικέτες: |
Προσθήκη ετικέτας
Δεν υπάρχουν, Καταχωρήστε ετικέτα πρώτοι!
|
MARC
| LEADER | 00000cam a2200000 i 4500 | ||
|---|---|---|---|
| 001 | 1/80333 | ||
| 008 | 080403s2007 gre d | ||
| 035 | |l 10096188 | ||
| 040 | |a GR-MY-UA |b gre |e aacr | ||
| 041 | 0 | |a gre | |
| 082 | 0 | |a 577 |2 (22) | |
| 100 | 1 | |a Μπατσακούτσα, Αικατερίνη. | |
| 245 | 1 | 0 | |a Μεθοδολογίες βιοκλιματικού παραθύρου και αναγνώριση των προτύπων κατανομής των δασικών ειδών του Ελλαδικού χώρου, υπό σενάρια σταθερού και μεταβαλλόμενου κλίματος : |b μεταπτυχιακή διατριβή / |c Μπατσακούτσα Αικατερίνη ; επιβλέπων καθηγητής Δημητρακόπουλος Παναγιώτης |
| 260 | |c 2007 | ||
| 300 | |a 77 σ.; |b πιν., χάρτες; |c 30 εκ. | ||
| 502 | |a Διατριβή (μεταπτυχιακή) – Πανεπιστήμιο Αιγαίου, Λέσβος, 2007. | ||
| 504 | |a Βιβλιογραφία: σ. 56-58 | ||
| 650 | 0 | 0 | |a Bioclimatology. |
| 650 | 0 | 0 | |a Vegetation and climate. |
| 650 | 0 | 0 | |a Climatic changes. |
| 650 | 0 | 0 | |a Biogeography |x Climatic factors. |
| 650 | 0 | 0 | |a Plant-atmosphere relationships. |
| 650 | 0 | 0 | |a Ecological heterogeneity. |
| 650 | 0 | 0 | |a Forest surveys |z Greece. |
| 650 | 0 | 0 | |a Dissertations, Academic |z Greece. |
| 700 | 1 | |4 ths |a Δημητρακόπουλος, Παναγιώτης Γ. | |
| 710 | 2 | |a Πανεπιστήμιο Αιγαίου |b Σχολή Περιβάλλοντος |b Τμήμα Περιβάλλοντος |b Πρόγραμμα Μεταπτυχιακών Σπουδών Περιβαλλοντική Πολιτική και Διαχείριση. | |
| 852 | |a INST |b LESVOS |c DIATR |e 20080403 |h 401 |p 005100038963 |q 005100038963 |t MTXE |y 23 | ||
| 852 | |a INST |b LESVOS |c DIATR |e 20080403 |h 402 |p 005100040032 |q 005100040032 |t MTXE |y 23 | ||
| 856 | |u http://hdl.handle.net/11610/15133 | ||
| 901 | |a BIBL1-2008-1 | ||
| 909 | |a Λ |b 130094 | ||
| 909 | |a Λ |b 130093 | ||
| 924 | |a ΜΠΑΤΣΑΚΟΥΤΣΑ |b ΑΙΚΑΤΕΡΙΝΗ |y ΛΕΣΒΟΣ |z 2007-11 | ||
| 970 | |a ΤΖΑΦΕΡΗ |b ΕΥΑΓΓΕΛΙΑ |z 2008/04/03 | ||